<?xml version="1.0" encoding="UTF-8"?>
<marc:record xmlns:marc="http://www.loc.gov/MARC21/slim">
   <marc:leader>00000nam a2200000 a 4500</marc:leader>
   <marc:datafield ind1="1" ind2=" " tag="100">
      <marc:subfield code="a">Vormann, Jürgen</marc:subfield>
      <marc:subfield code="4">aut</marc:subfield>
      <marc:subfield code="e">Verfasser/-in</marc:subfield>
   </marc:datafield>
   <marc:datafield ind1="1" ind2=" " tag="100">
      <marc:subfield code="a">Stenger, Malika</marc:subfield>
      <marc:subfield code="4">aut</marc:subfield>
      <marc:subfield code="e">Verfasser/-in</marc:subfield>
   </marc:datafield>
   <marc:datafield ind1=" " ind2=" " tag="653">
      <marc:subfield code="a">Ketogene kochbuch abnehmen kokosnuss superfood kokosnussöl kokosmilch kokosöl haare ketogene ernährung kokosöl haut</marc:subfield>
   </marc:datafield>
   <marc:datafield ind1=" " ind2=" " tag="653">
      <marc:subfield code="a">Kokosöl buch Ketogene diät Ketogene ernährung das kochbuch Ketogene ernährung bei krebs Ketogene rezepte</marc:subfield>
   </marc:datafield>
   <marc:datafield ind1=" " ind2=" " tag="653">
      <marc:subfield code="a">ketogen kokosfett gesund kokosnussöl haare super food ketogene diät rezepte keto diät ölziehen kokosöl</marc:subfield>
   </marc:datafield>
   <marc:datafield ind1=" " ind2=" " tag="653">
      <marc:subfield code="a">kokosöl ketone kokos ketogene rezepte laurinsäure ketogene diät ernährungsplan kokosöl wirkung kokosöl abnehmen</marc:subfield>
   </marc:datafield>
   <marc:datafield ind1=" " ind2=" " tag="653">
      <marc:subfield code="a">superfoods kokosnussmilch kokosöl zähne ernährung bei krebs kokosöl gesund kokosnuss gesund kokosmilch gesund</marc:subfield>
   </marc:datafield>
   <marc:datafield ind1=" " ind2=" " tag="653">
      <marc:subfield code="a">Softcover / Ratgeber/Gesundheit/Alternative Heilverfahren</marc:subfield>
   </marc:datafield>
   <marc:datafield ind1=" " ind2=" " tag="653">
      <marc:subfield code="a">Kochbuch</marc:subfield>
   </marc:datafield>
   <marc:datafield ind1="0" ind2="0" tag="245">
      <marc:subfield code="a">Superfood Kokosnuss</marc:subfield>
   </marc:datafield>
   <marc:datafield ind1="0" ind2="0" tag="245">
      <marc:subfield code="b">mit der Kraft der Ketone Nerven, Immunsystem und Stoffwechsel stärken</marc:subfield>
   </marc:datafield>
   <marc:datafield ind1="0" ind2="0" tag="245">
      <marc:subfield code="c">Prof. Dr. Jürgen Vormann, Malika Stenger</marc:subfield>
   </marc:datafield>
   <marc:datafield ind1=" " ind2="1" tag="264">
      <marc:subfield code="a">München</marc:subfield>
      <marc:subfield code="b">Gräfe und Unzer Verlag GmbH</marc:subfield>
      <marc:subfield code="c">2016</marc:subfield>
   </marc:datafield>
   <marc:datafield ind1="1" ind2=" " tag="490">
      <marc:subfield code="a">Ratgeber Gesundheit</marc:subfield>
   </marc:datafield>
   <marc:datafield ind1=" " ind2=" " tag="250">
      <marc:subfield code="a">1. Auflage</marc:subfield>
   </marc:datafield>
   <marc:datafield ind1="1" ind2=" " tag="520">
      <marc:subfield code="a">Angaben aus der Verlagsmeldung

Superfood Kokosnuss : Mit der Kraft der Ketone Nerven, Immunsystem und Stoffwechsel stärken / von Jürgen Vormann, Malika Stenger

Dieser Ratgeber beschreibt die vielfältige Wirksamkeit der supergesunden Kokosnuss. Die in den Tropen beheimatete Kokosnuss schmeckt nicht nur sehr gut, sondern ist auch vollgepackt mit gesundheitsfördernden Nährstoffen, Mineralstoffen und Vitaminen. Die Fettsäuren der Kokosnuss, allen voran die Laurinsäure, schützen vor chronischen Erkrankungen wie Alzheimer, Osteoporose, Herzinfarkt und Krebs, stärken das Immunsystem, verhindern die Bildung freier Radikale, unterstützen die körperliche Entgiftung und machen leistungsfähiger beim Sport. Das 1. Kapitel beschreibt die eindrucksvolle Nährstoffpalette der Kokosnuss, ihre Wirkungsweise und die unterschiedlichen Darreichungsformen. Im 2. Kapitel wird der Einsatz der Kokosnuss bei chronischen Beschwerden beschrieben. Im abschließenden 3. Kapitel werden leckere Rezepte der ketogenen Ernährung vorgestellt. Schön bebilderte Sonderseiten liefern Informationen zur Ölziehkur mit Kokosöl, zum Herstellen von Hautpflegemitteln und zu Smoothies.
</marc:subfield>
   </marc:datafield>
   <marc:datafield ind1=" " ind2=" " tag="020">
      <marc:subfield code="a">9783833853135</marc:subfield>
      <marc:subfield code="9">9783833853135</marc:subfield>
   </marc:datafield>
   <marc:datafield ind1=" " ind2=" " tag="020">
      <marc:subfield code="a">3833853131</marc:subfield>
      <marc:subfield code="9">3833853131</marc:subfield>
   </marc:datafield>
   <marc:datafield ind1=" " ind2=" " tag="041">
      <marc:subfield code="a">ger</marc:subfield>
   </marc:datafield>
   <marc:datafield ind1=" " ind2=" " tag="300">
      <marc:subfield code="a">127 Seiten</marc:subfield>
   </marc:datafield>
</marc:record>
